Library of the University of Algiers 3
Ibrahim Sultan Cheibout
شعار جامعة الجزائر 3
مكتبة جامعة الجزائر 3
إبراهيم سلطان شيبوط

العلامات التجارية والنماذج الصناعية في دول مجلس التعاون الخليجي / (رقم التسجيلة. 43105)

تفاصيل مارك
000 -LEADER
fixed length control field 01093nam a2200205Ia 4500
003 - CONTROL NUMBER IDENTIFIER
control field Ost
005 - DATE AND TIME OF LATEST TRANSACTION
control field 20260507075123.0
008 - FIXED-LENGTH DATA ELEMENTS--GENERAL INFORMATION
fixed length control field 260507s9999||||xx |||||||||||||| ||und||
040 ## - CATALOGING SOURCE
Transcribing agency fsecg
041 ## - LANGUAGE CODE
Language code of text/sound track or separate title ara
082 ## - DEWEY DECIMAL CLASSIFICATION NUMBER
Classification number 330
100 ## - MAIN ENTRY--PERSONAL NAME
Personal name بندق، وائل أنور
Relator term مؤلف
245 #0 - TITLE STATEMENT
Title العلامات التجارية والنماذج الصناعية في دول مجلس التعاون الخليجي /
Statement of responsibility, etc. وائل أنور بندق
260 ## - PUBLICATION, DISTRIBUTION, ETC.
Place of publication, distribution, etc. الإسكندرية:
Name of publisher, distributor, etc. دار الفكر الجامعي,
Date of publication, distribution, etc. 2006
300 ## - PHYSICAL DESCRIPTION
Extent 276 صفحة؛
Dimensions 24 سم
520 ## - SUMMARY, ETC.
Summary, etc. العلامات التجارية في السعودية-العلامات التجارية في البحرين -العلامات التجارية في الإمارات-العلامات التجارية في الكويت-العلامات التجارية في سلطنة عمان-العلامات التجارية في قطر-معاهدة قانون العلامات ولائحة تنفيذها
653 ## - INDEX TERM--UNCONTROLLED
Uncontrolled term الجرائم والعقوبات
653 ## - INDEX TERM--UNCONTROLLED
Uncontrolled term العلامات التجارية
942 ## - ADDED ENTRY ELEMENTS (KOHA)
Koha item type كتب
المقتنيات
Withdrawn status Lost status Source of classification or shelving scheme Damaged status Not for loan Home library Current library Date acquired Serial enumeration / chronology Inventory number Total checkouts Full call number Barcode Date last seen Price effective from Koha item type
    Dewey Decimal Classification   NOT LOAN / إعارة داخلية مكتبة كلية العلوم الإقتصادية والعلوم التجارية وعلوم التسيير مكتبة كلية العلوم الإقتصادية والعلوم التجارية وعلوم التسيير 07/05/2026 الطابق الأرضي 2030/1   أ/2030ن1 2030/1 07/05/2026 07/05/2026 كتب
    Dewey Decimal Classification   Available مكتبة كلية العلوم الإقتصادية والعلوم التجارية وعلوم التسيير مكتبة كلية العلوم الإقتصادية والعلوم التجارية وعلوم التسيير 07/05/2026 الطابق الأرضي 2030/2   أ/2030ن2 2030/2 07/05/2026 07/05/2026 كتب
    Dewey Decimal Classification   Available مكتبة كلية العلوم الإقتصادية والعلوم التجارية وعلوم التسيير مكتبة كلية العلوم الإقتصادية والعلوم التجارية وعلوم التسيير 07/05/2026 الطابق الثاني 2030/3   أ/2030ن3 2030/3 07/05/2026 07/05/2026 كتب
    Dewey Decimal Classification   Available مكتبة كلية العلوم الإقتصادية والعلوم التجارية وعلوم التسيير مكتبة كلية العلوم الإقتصادية والعلوم التجارية وعلوم التسيير 07/05/2026 الطابق الثاني 2030/4   أ/2030ن4 2030/4 07/05/2026 07/05/2026 كتب

موارد الويب المفتوحة


© University of Algiers 3 All Rights Reserved
|
Implemented by LECHELAH Riad